[Event "Kuala Lumpur UM KPT op"]
[Site "Kuala Lumpur"]
[Date "2016.12.16"]
[Round "3"]
[White "Lim, Fu Hwi"]
[Black "Azman Hisham, Mohd Nabil"]
[Result "0-1"]
[WhiteElo "1735"]
[BlackElo "1968"]
[PlyCount "78"]
[EventDate "2016.12.16"]
[EventType "swiss"]
[EventRounds "9"]
[EventCountry "MAS"]
[SourceTitle "CBM 176 Extra"]
[Source "ChessBase"]
[SourceDate "2017.03.02"]
[SourceVersion "1"]
[SourceVersionDate "2017.03.02"]
[SourceQuality "1"]

1. d4 Nf6 2. c4 c5 3. d5 d6 4. Nc3 g6 5. e4 b5 6. cxb5 a6 7. b6 Nbd7 8. b7 Bxb7 9. Nf3 Bg7 10. Be2 0-0 11. 0-0 Qb6 12. Qc2 e6 13. dxe6 fxe6 14. e5 dxe5 15. Nd2 Bd5 16. Nc4 Qc6 17. Ne3 Rf7 18. Rd1 Raf8 19. f3 c4 20. Qa4 Qc5 21. Qxa6 Bh6 22. Kh1 Bxe3 23. b4 cxb3 24. Nxd5 exd5 25. Ba3 Qb6 26. Qxb6 Nxb6 27. Bxf8 Kxf8 28. axb3 Rc7 29. Ra2 Rc3 30. Rb1 d4 31. g3 d3 32. Bd1 Nfd5 33. Kg2 d2 34. Rc2 Rxc2 35. Bxc2 Nc3 36. Ra1 Nbd5 37. Be4 Nxe4 38. fxe4 Nc3 39. Kf3 Bd4 0-1

[Event "Dewan Astana Karnival op"]
[Site "Dewan Astana"]
[Date "2015.07.30"]
[Round "3"]
[White "Lim, Kim Siong"]
[Black "Lim, Fu Hwi"]
[Result "1-0"]
[WhiteElo "1705"]
[BlackElo "1369"]
[PlyCount "111"]
[EventDate "2015.07.29"]
[EventType "swiss"]
[EventRounds "7"]
[EventCountry "MAS"]
[SourceTitle "EXT 2017"]
[Source "ChessBase"]
[SourceDate "2016.10.25"]
[SourceVersion "1"]
[SourceVersionDate "2016.10.25"]
[SourceQuality "1"]

1. e4 e5 2. Nf3 Nc6 3. Bb5 a6 4. Ba4 Nf6 5. 0-0 d6 6. d3 Bg4 7. c3 Be7 8. Re1 0-0 9. Nbd2 b5 10. Bc2 h6 11. Nf1 Nh7 12. h3 Bc8 13. Ne3 Be6 14. d4 Bc8 15. Qe2 Ng5 16. Rd1 Bf6 17. Nxg5 Bxg5 18. Nd5 Bxc1 19. Raxc1 Rb8 20. Rd3 Be6 21. Rcd1 exd4 22. Qh5 dxc3 23. Rg3 Kh8 24. bxc3 Ne5 25. f4 Ng6 26. f5 Bxd5 27. fxg6 fxg6 28. Qxg6 Qf6 29. exd5 Qxg6 30. Rxg6 Rf7 31. Re6 Rbf8 32. Rde1 Kg8 33. Re8 Rf1+ 34. Rxf1 Rxe8 35. Kf2 Re5 36. Re1 Kf8 37. Rxe5 dxe5 38. Ke3 Ke7 39. Ke4 Kd6 40. Bb3 g6 41. g3 a5 42. a4 bxa4 43. Bxa4 Kc5 44. Bb3 Kd6 45. g4 Kc5 46. Kxe5 Kb5 47. d6 cxd6+ 48. Kxd6 a4 49. Bxa4+ Kc4 50. Ke6 h5 51. g5 Kxc3 52. Be8 Kd4 53. Bxg6 h4 54. Bf5 Ke3 55. g6 Kf3 56. g7 1-0